LEADER 03305nam 2200697Ia 450 001 9910456917503321 005 20200520144314.0 010 $a1-317-14713-8 010 $a1-317-14712-X 010 $a1-283-04798-5 010 $a9786613047984 010 $a1-4094-1885-5 035 $a(CKB)2550000000031215 035 $a(EBL)665344 035 $a(OCoLC)710972899 035 $a(SSID)ssj0000483990 035 $a(PQKBManifestationID)12176923 035 $a(PQKBTitleCode)TC0000483990 035 $a(PQKBWorkID)10572984 035 $a(PQKB)10622977 035 $a(MiAaPQ)EBC665344 035 $a(MiAaPQ)EBC5293708 035 $a(Au-PeEL)EBL665344 035 $a(CaPaEBR)ebr10449661 035 $a(CaONFJC)MIL919143 035 $a(Au-PeEL)EBL5293708 035 $a(CaONFJC)MIL304798 035 $a(OCoLC)1027144628 035 $a(EXLCZ)992550000000031215 100 $a20101022d2011 uy 0 101 0 $aeng 135 $aur|n|---||||| 181 $ctxt 182 $cc 183 $acr 200 10$aEarly French reform$b[electronic resource] $ethe theology and spirituality of Guillaume Farel /$fJason Zuidema, Theodore Van Raalte 210 $aFarnham, Surrey, England ;$aBurlington, VT $cAshgate$dc2011 215 $a1 online resource (262 p.) 225 1 $aSt. Andrews studies in Reformation history 300 $aDescription based upon print version of record. 311 $a1-4094-1884-7 320 $aIncludes bibliographical references and index. 327 $aCover; Contents; Preface; Part I: Guillaume Farel's Theology and Spirituality; 1 Guillaume Farel in Early French Reform; 2 Farel's Summaire: Theology in Early French Reform; 3 Farel's Upward Spirituality: Leading in Prayer (1524); 4 Farel's Upward Spirituality: Unceasing Prayer (1529-45); Part II: Texts of Guillaume Farel in Translation; 5 The Lord's Prayer and the Apostles' Creed (1524); 6 A Summary and Brief Exposition (1529/34); 7 'The Reason for which This Work was Written and Had to be Revised and Why it Was Lengthened'; 8 Liturgical Practices and Forms (1533); Bibliography; Index 330 $aGuillaume Farel (1489-1565) was one of the key figures in the early Genevan reformation, but his legacy has become largely overshadowed by towering figure of Calvin. Seeking to contribute to a better understanding of the French-speaking reform movement, this volume offers a rich portrait of Farel's early thought by way of interpretive essays and translations of primary source texts. The translations of the second half of the volume are some of the first widely-accessible full-length translations of Farel's work into English. 410 0$aSt. Andrews studies in Reformation history. 606 $aReformation$zSwitzerland$vSources 606 $aReformed Church$xDoctrines$xHistory$y16th century$vSources 608 $aElectronic books. 615 0$aReformation 615 0$aReformed Church$xDoctrines$xHistory 676 $a230/.42092 700 $aZuidema$b Jason$0995108 701 $aVan Raalte$b Theodore$0995109 701 2$aFarel$b Guillaume$f1489-1565.$0173016 801 0$bMiAaPQ 801 1$bMiAaPQ 801 2$bMiAaPQ 906 $aBOOK 912 $a9910456917503321 996 $aEarly French reform$92279432 997 $aUNINA LEADER 02243oam 2200493I 450 001 9910511781503321 010 $a1-315-62234-3 010 $a1-317-22273-3 024 7 $a10.4324/9781315622347 035 $a(CKB)3710000000749018 035 $a(MiAaPQ)EBC4586247 035 $a(OCoLC)953692283 035 $a(EXLCZ)993710000000749018 100 $a20180706e20171987 uy 0 101 0 $aeng 135 $aurcnu|||||||| 181 $2rdacontent 182 $2rdamedia 183 $2rdacarrier 200 00$aAuditory processing of complex sounds /$fedited by William A. Yost and Charles S. Watson 210 1$aLondon :$cRoutledge,$d2017. 215 $a1 online resource (345 pages) $cillustrations 225 0 $aPsychology Library Editions: Cognitive Science ;$vVolume 27 300 $aFirst published in 1987 by Lawrence Erlbaum Associates, Inc. 311 $a1-138-65576-7 311 $a1-138-65575-9 320 $aIncludes bibliographical references at the end of each chapters and indexes. 327 $asect. I. Spectral pattern processing : interaction among critical bands, profile analysis, and co-modulation masking release -- sect. II. Temporal pattern processing : rhythm, spectral synchrony, amplitude-modulation, and binaural precedence -- sect. III. Pitch of complex sounds : virtual pitch, central spectrum, theories, and animal models -- sect. IV. Auditory peripheral phsyiology : rate and synchrony codes -- sect. V. Speech perception : speech versus non-speech perception and a new model -- sect. VI. Perceptual organization of complex sounds : informational masking, stimulus uncertainty, learning, attention, memory, and stream segregation. 410 0$aCognitive science (Lawrence Erlbaum Associates) 606 $aAuditory perception$vCongresses 606 $aPsychoacoustics$vCongresses 608 $aElectronic books. 615 0$aAuditory perception 615 0$aPsychoacoustics 676 $a152.1/5 701 $aWatson$b Charles S$02674 701 $aYost$b William A$0916499 801 0$bMiAaPQ 801 1$bMiAaPQ 801 2$bMiAaPQ 906 $aBOOK 912 $a9910511781503321 996 $aAuditory processing of complex sounds$92553092 997 $aUNINA